000 00517nam a2200181Ia 4500
001 73078
008 160622s9999||||xx |||||||||||||| ||und||
020 _a9781462520688
040 _cPK-LaUMT
082 _a 616.85260651
_bCAS-
100 _aThompson-Brenner, Heather
245 _aCasebook of evidence-based therapy for eating disorders/
_cThompson-Brenner, Heather
260 _aNew York,USA:
_bThe Guilford Press,
_c205
300 _a372 p.
546 _aEN
650 _aEating disorders-Therapy
942 _cBK
999 _c86187
_d86187